Artemis Fowl ( And The Time Paradox)-6 (Record no. 12714)

MARC details
000 -LEADER
fixed length control field 00270nam a22000977a 4500
008 - FIXED-LENGTH DATA ELEMENTS--GENERAL INFORMATION
fixed length control field 241128b |||||||| |||| 00| 0 eng d
020 ## - INTERNATIONAL STANDARD BOOK NUMBER
International Standard Book Number 9780241434680
100 ## - MAIN ENTRY--PERSONAL NAME
Personal name Colfer Eoin
9 (RLIN) 7815
245 ## - TITLE STATEMENT
Title Artemis Fowl ( And The Time Paradox)-6
260 ## - PUBLICATION, DISTRIBUTION, ETC. (IMPRINT)
Place of publication, distribution, etc. London
Name of publisher, distributor, etc. Puffin Books
Date of publication, distribution, etc. 2019
Holdings
Withdrawn status Lost status Source of classification or shelving scheme Damaged status Koha normalized classification for sorting Not for loan Home library Current library Shelving location Date acquired Total Checkouts Full call number Barcode Date last seen Date last checked out Price effective from Koha item type
    Dewey Decimal Classification   COL_823_000000000000000   Good Samaritan School Library Good Samaritan School Library FICTION 11/28/2024 3 COL823 COL18046 10/22/2025 10/15/2025 11/28/2024 BOOK

Powered by Koha